Sports Quiz

Random Sports or Play Quiz

Musical Athletes Quiz Stats

 Plays Quiz not verified by Sporcle

Score 0/15 Timer 05:00
0 Plays Today
% Correct
John McEnroe
84.9%
Babe Ruth
80.8%
Pelé
79.5%
John Daly
68.5%
Mike Piazza
65.8%
Wilt Chamberlain
63%
Doug Flutie
53.4%
Manny Pacquiao
52.1%
% Correct
Bernie Williams
47.9%
Bronson Arroyo
42.5%
Alexi Lalas
38.4%
Brandon Webb
38.4%
Barry Zito
26%
Omar Vizquel
24.7%
Henrik Lundqvist
9.6%

You're not logged in!

Compare scores with friends on all Sporcle quizzes.
OR
Log In

Sporcle TV

Today on Sporcle TV


Watch our educational content, quiz creation guides, and fun videos on Sporcle TV.

Show Comments

Extras

Top Quizzes Today


Score Distribution

Your Account Isn't Verified!

In order to create a playlist on Sporcle, you need to verify the email address you used during registration. Go to your Sporcle Settings to finish the process.

Report this User

Report this user for behavior that violates our Community Guidelines.

Details: